000 00429nam a2200169Ia 4500
003 LK-CoDNM
005 20230916145409.0
008 010623t1831 xxu||||| |||| 00| 1 fra d
040 _aLK-CoDNM
_dLK-CoDNM
_eLK-CoDNM
041 _afra
080 _a12F6
100 _aSeoane,M.
245 _aDiccionario De Las Lenguas Espanola E Inglesa Dr Newman Y Baretti
260 _bLondon
_c1831
300 _b500p., 21 cm
942 _cBK
999 _c81065
_d81065